Miejsce łaciny w polsko-mołdawskich kontaktach dyplomatycznych u schyłku XIV i w XV wieku

Titel: Miejsce łaciny w polsko-mołdawskich kontaktach dyplomatycznych u schyłku XIV i w XV wieku
Verfasser:
In: Łacina jako je̜zyk elit, (2004), Seite 413-419
alle Artikel anzeigen
Veröffentlicht: 2004
Format: Aufsatz
Sprache: Polnisch
Kein Bild verfügbar
X
alg: 39395413
001A    $01999:12-11-16 
001B    $01999:29-05-21 $t17:39:21.000 
001D    $01999:12-11-16 
001U    $0utf8 
001X    $00 
002@    $0Aox 
003@    $0393954137 
007A    $0393954137 $aHEB 
007T    $0Herdk64860 
010@    $apol 
011@    $a2004 
021A    $aMiejsce łaciny w polsko-mołdawskich kontaktach dyplomatycznych u schyłku XIV i w XV wieku 
028A    $aJaworski $dRafał 
031A    $h413-419 $j2004 
039B    $aIn $8--Aau--. Łacina jako je̜zyk elit. - Warszawa : DiG {[u.a.], 2004. - 516 S.. - ISBN 83-7181-321-X $x200400000000000587 $9126525862 
045F    $a417.709438 $eDDC23BSB 
045F/01 $a417.7 
045F/03 $g438 

lok: 39395413 78

exp: 39395413 78 1 #EPN
201B/01 $021-11-17 $t23:06:24.000 
201U/01 $0utf8 
203@/01 $0790064650 
208@/01 $a12-11-16 $be 
209A/01 $a/ $f000 $x00 
220C/01 $aTitelaufnehmer: pbb 
220C/01 $aHerkunft: IH PAN/PBB Kraków 
244Z/01 $2Trx $#Poola $#Lenkija $#Polija $#Polen Land $#Poland $#Lengyelország $#Poľsko $#Polsko $8--Trx--Polska$gkraj $x01 $9391345966 
244Z/01 $#Fürstentum Moldova $74039965-5 $8--Tg1--Moldau$gFürstentum $x02 $9085109339 
244Z/01 $aGeschichte 1380-1500 $x03 
244Z/01 $2Trx $#suhted, Moldaavia-Poola $#santykiai, lenkų ir moldavų $#relatkions, Moldovan-Polish $#kapcsolatok, lengyel-moldvai $#stosunki mołdawsko-polskie $#vzťahy moldavsko-poľské $#vztahy moldavsko-polské $8--Trx--Beziehungen, moldawisch-polnische $x04 $9391368230 
244Z/01 $2Trx $#keel, ladina $#kalba, lotynų $#Language, Latin $#nyelv, latin $#język łaciński $#jazyk latinský $#jazyk latinský $8--Trx--Sprache, lateinische $x05 $9391367110 
244Z/01 $2Trx $#lepingud, rahvusvahelised $#tarptautinės sutartys $#International Contracts $#szerzödések, nemzetközi $#układy międzynarodowe $#zmluvy medzinárodné $#smlouvy mezinárodní $8--Trx--Verträge, internationale $x06 $9391356011 
244Z/01 $2Trx $8--Trx--Einzelbeiträge $x07 $9391384570 
245Z/01 $a11.07 $x01 
247C/01 $82080>Marburg/Lahn, Herder-Institut, Forschungsbibliothek, Bibliographieportal $9336309341
LEADER 00000caa a22000002c 4500
001 393954137
003 DE-603
005 20210529173921.0
007 tu
008 161112s2004 xx |||| | u00||u|pol c
035 |a (DE-599)HEB393954137 
040 |a DE-603  |b ger  |c DE-603  |d DE-603 
041 |a pol 
082 0 4 |8 1\u  |a 417.709438  |q DE-101  |2 23/BSB 
085 |8 1\u  |b 417.7 
085 |8 1\u  |z 2  |s 438 
100 1 |a Jaworski, Rafał 
245 0 0 |a Miejsce łaciny w polsko-mołdawskich kontaktach dyplomatycznych u schyłku XIV i w XV wieku 
264 0 |c 2004 
773 0 8 |i In  |t Łacina jako je̜zyk elit  |d Warszawa : DiG ˜[u.a.], œ2004  |h 516 S.  |z 837181321X  |g (2004), Seite 413-419  |w (DE-603)126525862 
924 0 |9 2080  |a (DE-603)790064650  |b DE-2080  |c HES  |d d  |g /